Statystyki dla Najlepsi strzelcy Interu Mediolan.

Kliknij tutaj aby rozwiązać quiz!

Ogólne statystyki

  • Ten quiz został rozwiązany 51 razy
  • Średni wynik to 3 z 15

Statystyki odpowiedzi

LataNarodowośćKlub% Poprawnych
2013-2020ArgentynaIcardi
72%
2009-2014ArgentynaMilito
67%
1927-1940, 1945-1946WłochyMeazza
52%
1999-2005WłochyVieri
26%
1960-1977WłochyMazzola
17%
1977-1988WłochyAltobelli
9%
2003-2009ArgentynaCruz
7%
1969-1976WłochyBoninsegna
4%
1960-1973WłochyFacchetti
2%
1978-1985,1987-1991WłochySerena
2%
1957-1961ArgentynaAngelillo
0%
1957-1973WłochyCorso
0%
1931-1936, 1938-1943ArgentynaDemaria
0%
1947-1958WłochyLorenzi
0%
1948-1954WęgryNyers
0%

Rozkład punktacji

Percentyl według liczby udzielonych odpowiedzi

Procent ludzi z każdym wynikiem

Twoja historia wyników

Nie rozwiązałeś tego quizu